00321nam a2200145Ia 45000030006000000080041000060400015000471000016000622450011000782500006000892600043000953000006001385460014001440050017001580STCL150530s9999 xx 000 0 und d aSTCLcSTCL aOscar Wilde aSalomi a1 bCurrent Book; Thrissurc1985aThrissur a0 aMalayalam20220125170742.0